000
00322nam a22001457a 4500
008
210310b ||||| |||| 00| 0 eng d
020
_a
9781111752477
041
_a
eng
080
_a
343.9
082
_a
343.9
100
_a
13
101
_a
KRI
245
_a
Criminal Law and Procedure
_c
Semukhina, O
942
_2
udc
_c
BK
999
_c
56220
_d
56220